| 000 | 01123cam a22002531i 4500 | ||
|---|---|---|---|
| 003 | SA-RiAUC | ||
| 005 | 20250504094150.0 | ||
| 008 | 250423s1993 xx g i 000 0 ara c | ||
| 040 |
_aSA-JeALM _bara _cSA-RiAUC _erda |
||
| 082 | 0 | 4 |
_a236.4 _qSA-RiAUC |
| 090 |
_a236.4 _bس ا ل |
||
| 100 | 1 |
_aسالم، عطية محمد، _d1346-1420 هجري _eمؤلف. |
|
| 245 | 1 | 0 |
_aفهارس التمهيد لابن عبد البر / _cعمل وتنظيم عطية محمد سالم. |
| 264 | 1 |
_a[مكان النشر غير محدد] : _bعطية محمد سالم، |
|
| 300 |
_a44 صفحة ؛ _c24 سم |
||
| 336 |
_aنص _btxt _2rdacontent _3كتاب |
||
| 337 |
_aبدون وسيط _bn _2rdamedia |
||
| 338 |
_aمجلد _bnc _2rdacarrier |
||
| 650 | 7 |
_aالحديث _xالمسانيد _vكشافات _2aucsh |
|
| 700 | 1 | 2 |
_iكشاف لـ (عمل) : _aابن عبد البر، يوسف بن عبد الله بن محمد، _d368-463 هجري |
| 700 | 1 | 2 |
_iشرح لـ (عمل) : _aالإمام مالك، مالك بن أنس بن مالك، _d93-179 هجري |
| 942 |
_2ddc _cBOOK _n0 |
||
| 949 |
_aSA-JeALM _d250423 _umohamedma123 _n1 |
||
| 999 |
_c7590 _d7590 |
||